| 000 | 00397 a2200157 4500 | ||
|---|---|---|---|
| 003 | Nust | ||
| 005 | 20170207171856.0 | ||
| 040 | _cNust | ||
| 082 | _a005.1 | ||
| 100 | _aMughal Aysha BESE-18 | ||
| 245 |
_aUr-Ring Urdu Finger Reader Ring _cAysha Mughal, Maha Farhat, Zehaib Mohsin |
||
| 260 |
_aMCS, NUST _bRawalpindi _cJune 2016 |
||
| 300 | _axi, 74 p | ||
| 650 | _aUG Projects | ||
| 651 | _aUG CSE Project | ||
| 942 | _cPRG | ||
| 999 |
_c219405 _d219405 |
||